Online Catalogue and eLibrary

Amaippiyal pin amaippiyal (Record no. 4105)

MARC details
000 -LEADER
fixed length control field 00374nam a2200145Ia 4500
005 - DATE AND TIME OF LATEST TRANSACTION
control field 20250323135929.0
008 - FIXED-LENGTH DATA ELEMENTS--GENERAL INFORMATION
fixed length control field 240331s9999 xx 000 0 und d
082 ## - DDC Classification
Item Number - Author Mark MUT
Class No. 894
100 ## - MAIN ENTRY--PERSONAL NAME
Personal name Muthumohan, N
245 #0 - TITLE STATEMENT
Title Amaippiyal pin amaippiyal
260 ## - PUBLICATION, DISTRIBUTION, ETC.
Place of publication, distribution, etc. Bangalore
Name of publisher, distributor, etc. Kavvya
Date of publication, distribution, etc. 1998
300 ## - PHYSICAL DESCRIPTION
Extent (e.g. Volumes, Pages etc.) 179 p .,
500 ## - GENERAL NOTE
General note A book of Structuralism post Structuralism
942 ## - Koha item type (Biblio)
Koha item type Books in Stacks (Lending)
Holdings
Lost status Damaged status Collection code Home library Current library Shelving location Date acquired Full call number Accession Number Item type
    Lending WERC Library WERC Library Social Science Cupboard 03/31/2024 894.811 MUT 4406 Books in Stacks (Lending)

© WERC Library